top 10 most appearence gadget in doraemon film - Statistics

General Stats
  • This quiz has been taken 49 times
  • The average score is 4 of 11
Answer Stats
Answer appearence % Correct
Anywhere Door 9
94%
Take copter 16
89%
Time Machine 6
70%
small light 8
49%
Big Light 5
47%
Air Cannon 4
21%
Translation tool 8
11%
Spare Pocket 4
6%
Pass Loop 11
2%
Reverse Cloak 5
2%
Shock Gun 5
2%
No matching quizzes found
Score Distribution
Percent of People with Each Score
Percentile by Number Answered
Your Score History
You have not taken this quiz